000 00430nam a2200181Ia 4500
001 24552
005 20260414151051.0
008 260414t1998||||xx |||||||||||||| ||spa||
041 _aESP
082 _a345.7
_bC78
100 _aGordón, Faustino
_eAUT
245 0 _aIntroducción al derecho procesal
_b
260 _c1998
300 _a207 páginas :
_c24 cm.
650 _aDER
654 _aCDE
942 _cLIB
_dJUS
_fJUS
_2ddc
_n
999 _c24552
_d24552